| 000 | 00754nam a2200229 4500 | ||
|---|---|---|---|
| 001 | 32534 | ||
| 003 | AR-RoBPED | ||
| 005 | 20260410155856.0 | ||
| 008 | 260408s1970 es ||||er|||| 001 1 spa d | ||
| 040 | _aAR-RoBPED | ||
| 041 | _aspa | ||
| 100 |
_aSánchez Ferlosio, Rafael _d1927-2019 _930645 |
||
| 245 | 1 |
_aIndustrias y andanzas de Alfanhui / _cRafael Sanchez Ferlosio; prólogo de Juan Benet Goitia |
|
| 260 |
_aEstella : _bSalvat, _c1970. |
||
| 300 | _a161 p. | ||
| 490 | 0 |
_a(Biblioteca Básica Salvat ; _vN°60) |
|
| 650 | 4 |
_aLITERATURA ESPAÑOLA _9687 |
|
| 650 | 4 |
_aNOVELAS _925 |
|
| 700 |
_aBenet Goitia, Juan _d1927-1993 _930647 _eprol. |
||
| 942 |
_2udc _ak. 32534 _cBK _h860-31 _mSF 21 _ninv. 42339 |
||
| 945 | _amm 08/04/2026 - cd 10/04/2026 | ||
| 999 |
_c32534 _d32534 |
||